Logo BPK

Biblioteka

Politechniki Koszalińskiej

Laboratorium z termodynamiki i dynamiki przepływów / (Rekord nr 21492)

Szczegóły MARC
000 -ETYKIETA REKORDU
podpole kontrolne o stałej długości 00324nam a2200121 i 4500
001 - NUMER KONTROLNY REKORDU
pole kontrolne bg
040 ## - ŹRÓDŁO KATALOGOWANIA
Instytucja, która utworzyła rekord BPK
041 ## - KOD JĘZYKA
Kod języka tekstu pol
008 - POLE O STAŁEJ DŁUGOŚCI - DANE KONTROLNE
podpole kontrolne o stałej długości s pl f |000 0 pol
245 #0 - TYTUŁ/ODPOWIEDZIALNOŚĆ
Tytuł Laboratorium z termodynamiki i dynamiki przepływów /
Pozostałe elementy strefy tytułu i oznaczenia odpowiedzialności pr. zbior. p. red. A. Ambrozika. Cz.1.
260 ## - STREFA ADRESU WYDAWNICZEGO
Miejsce wydania Kielce,
Data publikacji, dystrybucji/powstania dokumentu 1979.
856 ## - LOKALIZACJA I DOSTĘP DO ELEKTRONICZNYCH DOKUMENTÓW ZDALNYCH
Link (URL) http://koha.tu.koszalin.pl/cgi-bin/koha/opac-detail.pl?biblionumber=21492
Tekst linku Katalog online BPK
942 ## - DODATKOWE ELEMENTY (KOHA)
Typ dokumentu Książka
Egzemplarze
Wycofany Status egzemplarza Uszkodzony Dostępność Lokalizacja stała Lokalizacja bieżąca Miejsce przechowywania Sygnatura Kod kreskowy Typ dokumentu
      Dostępny Biblioteka Politechniki Koszalińskiej Biblioteka Politechniki Koszalińskiej Wypożyczalnia BG 30172 01567106 Książka
© 2023 Biblioteka Politechniki Koszalińskiej :: KOHA